All of Zara Larsson's songs - Statistics

General Stats
  • This quiz has been taken 92 times
    55 since last reset
  • The average score is 41 of 103
Answer Stats
Hint Answer % Correct
So Good Lush Life
90%
Singles Lush Life - Acoustic
90%
Singles Lush Life - Retro Version
90%
Midnight Sun Midnight Sun
86%
So Good Symphony
81%
So Good Ain't My Fault
76%
Midnight Sun Pretty Ugly
76%
So Good Never Forget You
74%
Poster Girl (Swedish Summer Edition) Never Forget You - Orchestral Version
74%
Midnight Sun Blue Moon
71%
VENUS Venus
71%
Midnight Sun Crush
69%
Midnight Sun Girl's Girl
69%
Midnight Sun The Ambition
69%
Midnight Sun Eurosummer
67%
Poster Girl (Swedish Summer Edition) Poster Girl
67%
VENUS Can't Tame Her
64%
Midnight Sun Hot & Sexy
64%
Poster Girl (Swedish Summer Edition) Ruin My Life
64%
Poster Girl (Swedish Summer Edition) Ruin My Life - Orchestral Version
64%
Singles Ruin My Life - Piano Version
64%
So Good So Good
64%
Spotify Singles So Good - Recorded at Spotify Studios NYC
64%
Midnight Sun Puss Puss
62%
Introducing (EP) Uncover
60%
1 Uncover - 2014 Version
60%
Poster Girl (Swedish Summer Edition) WOW
60%
Singles Wow (ft. Sabrina Carpenter)
60%
Midnight Sun Saturn's Return
52%
So Good I Would Like
48%
VENUS On My Love
48%
VENUS Ammunition
45%
Poster Girl (Swedish Summer Edition) Love Me Land
45%
Singles All The Time
43%
So Good One Mississippi
40%
Poster Girl (Swedish Summer Edition) FFF
38%
VENUS You Love Who You Love
38%
Poster Girl (Swedish Summer Edition) Look What You've Done
36%
So Good Make That Money Girl
36%
Poster Girl (Swedish Summer Edition) Right Here
36%
Poster Girl (Swedish Summer Edition) Right Here - Alok Remix
36%
So Good Sundown
36%
VENUS Escape
33%
Honor The Light Memory Lane
33%
VENUS None Of These Guys
33%
VENUS The Healing
33%
Singles Don't Worry Bout Me
31%
VENUS End Of Time
31%
So Good I Can't Fall In Love Without You
31%
Poster Girl (Swedish Summer Edition) Need Someone
31%
1 Rooftop
31%
Allow Me To Reintroduce Myself (EP) | Singles She's Not Me - Pt.1
31%
1 She's Not Me - Pt.1 & 2
31%
Allow Me To Reintroduce Myself (EP) | Singles She's Not Me - Pt.2
31%
VENUS Soundtrack
31%
So Good TG4M
31%
Singles Words (with Alesso)
31%
So Good Funeral
29%
Poster Girl (Swedish Summer Edition) I Need Love
29%
Poster Girl (Swedish Summer Edition) I Need Love (ft. Trevor Daniel)
29%
Poster Girl (Swedish Summer Edition) I Need Love - Live Version
29%
Poster Girl (Swedish Summer Edition) Last Summer
29%
Singles Like It Is
29%
1 Wanna Be Your Baby
29%
Poster Girl (Swedish Summer Edition) What Happens Here
29%
So Good What They Say
29%
1 Carry You Home
26%
So Good Don't Let Me Be Yours
26%
VENUS More Than This Was
26%
Poster Girl (Swedish Summer Edition) Morning
26%
Poster Girl (Swedish Summer Edition) Morning - Billen Ted Remix
26%
1 Never Gonna Die
26%
VENUS Nothing
26%
Honor The Light Silent Night
26%
Poster Girl (Swedish Summer Edition) Stick With You
26%
Poster Girl (Swedish Summer Edition) Talk About Love
26%
So Good Only You
24%
1 Secret
24%
1 Skippin A Beat
24%
1 Weak Heart
24%
1 Bad Boys
21%
1 Endless
21%
1 If I Was Your Girl
21%
Honor The Light Light A Candle
21%
1 Still In My Blood
21%
Honor The Light Winter Song
21%
1 Can't Hold Back
19%
Allow Me To Reintroduce Myself (EP) Cash Me Out
19%
Allow Me To Reintroduce Myself (EP) DarkSide
19%
Introducing (EP) In Love With Myself
19%
Allow Me To Reintroduce Myself (EP) Love Again
19%
Honor The Light Sankta Lucia
19%
Introducing (EP) Under My Shades
19%
Introducing (EP) When Worlds Collide
19%
Singles A Brand New Day (BTS World Original Soundtrack)
17%
Singles Invisible (End Title from Klaus)
17%
Singles Invisible (from the Netflix Film Klaus)
17%
Spotify Singles Sexual - Recorded at Spotify Studios NYC
17%
Introducing (EP) It's a Wrap
14%
Honor The Light Tänd ett ljus
14%
Poster Girl (Swedish Summer Edition) Säg Mig Var Du Står
10%
No matching quizzes found
Score Distribution
Percent of People with Each Score
Percentile by Number Answered
Your Score History
You have not taken this quiz since the last reset